Loading...
Kadal: albhuthalokam /
| Other Authors: | |
|---|---|
| Format: | Printed Book |
| Language: | Malayalam |
| Published: |
Thiruvananthapuram:
Chintha,
2010.
|
| Edition: | 2 |
| Subjects: |
| LEADER | 00542cam a2200181ua 4500 | ||
|---|---|---|---|
| 008 | 120423t2010||||||||||| 00 ||mal c | ||
| 041 | 0 | |a mal | |
| 082 | |a M 551.46 |b THO/K | ||
| 245 | 1 | 0 | |a Kadal: albhuthalokam / |
| 250 | |a 2 | ||
| 260 | |a Thiruvananthapuram: |b Chintha, |c 2010. | ||
| 300 | |a 96p.. | ||
| 362 | 1 | |a 2010. | |
| 650 | 0 | |a Oceanography | |
| 700 | 0 | 2 | |a Thomas,, K.V. |
| 942 | |c BK | ||
| 999 | |c 26948 |d 26948 | ||
| 952 | |0 0 |1 0 |4 0 |6 M_551_460000000000000_THO |7 0 |9 28710 |a KUCL |b KUCL |d 2014-05-23 |l 2 |o M 551.46 THO/ |p 28561 |r 2016-03-05 |s 2016-02-11 |w 2014-05-23 |y BK | ||